| 000 | 00516pab a2200181 454500 | ||
|---|---|---|---|
| 008 | 180718b2011 xxu||||| |||| 00| 0 eng d | ||
| 100 | _aMelguizo, Tatiana | ||
| 245 | _aIs developmental education helping community college students persist? A critical review of the literature | ||
| 260 | _c2011 | ||
| 300 | _ap.173-184. | ||
| 362 | _aFeb | ||
| 650 | _aCommunity education | ||
| 700 | _aPrather, George | ||
| 700 | _aBos, Johannes | ||
| 773 | _aAmerican Behavioral Scientist | ||
| 908 | _aN | ||
| 909 | _a90833 | ||
| 999 |
_c90833 _d90833 |
||